书目信息 |
| 题名: |
少帅今昔
|
|
| 作者: | 张弛 | |
| 分册: | ||
| 出版信息: | 新华社参考辑编 |
|
| 页数: | 218页 | |
| 开本: | 19cm | |
| 丛书名: | ||
| 单 册: | ||
| 中图分类: | C51 | |
| 科图分类: | ||
| 主题词: | 社会科学--丛书 , 社会科学--多卷书 | |
| 电子资源: | ||
| ISBN: | ||
| 000 | 00504nam0 2200205 45 | |
| 001 | 0308271091 | |
| 005 | 20030827104641.0 | |
| 010 | @dRMB3.40 | |
| 100 | @a20030827d km y0chiy0120 ea | |
| 101 | @achi | |
| 105 | @a z 000yy | |
| 200 | 1 | @a少帅今昔@Ashao shuai jin xi@f张弛@Fzhang chi |
| 210 | @c新华社参考辑编 | |
| 215 | @a218页@c无图表@d19cm | |
| 606 | 0 | @a社会科学@x丛书 |
| 606 | 0 | @a社会科学@x多卷书 |
| 690 | @aC51@v3 | |
| 701 | 0 | @a张弛 |
| 801 | @aCN@b@c20030827 | |
| 905 | @aBZT@dC51@e104 | |
| 少帅今昔/张弛.-新华社参考辑编 |
| 218页:无图表;19cm |
| ISBN :RMB3.40 |
| ● |
| 相关链接 |
|
|
|
正题名:少帅今昔
索取号:C51/104
 
预约/预借
| 序号 | 登录号 | 条形码 | 馆藏地/架位号 | 状态 | 备注 |
| 1 | 7777 | 200517547 | 中心书库南/008架A面4层4列/ [索取号:C51/104] | 在馆 | |
| 2 | 7778 | 200517565 | 中心书库南/008架A面4层4列/ [索取号:C51/104] | 在馆 | |
| 3 | 7779 | 200517556 | 中心书库南/008架A面4层4列/ [索取号:C51/104] | 在馆 |